Central Library and Information Centre
Sibsagar Girls' College, Sivasagar : Assam

TEXTBOOK OF ALGEBRA AND TRIGONOMETRY (Record no. 29185)

MARC details
000 -LEADER
fixed length control field 00504cam a2200205ua 4500
001 - CONTROL NUMBER
control field 23579
003 - CONTROL NUMBER IDENTIFIER
control field OSt
005 - DATE AND TIME OF LATEST TRANSACTION
control field 20230504102913.0
008 - FIXED-LENGTH DATA ELEMENTS--GENERAL INFORMATION
fixed length control field 180601n2011 II |||gr||||Z||||||eng
040 ## - CATALOGING SOURCE
Original cataloging agency MAIN
Transcribing agency
041 ## - LANGUAGE CODE
Language code of text/sound track or separate title English
100 ## - MAIN ENTRY--PERSONAL NAME
Personal name VASISTHA, A.R.
Relator term AUTHOR.
245 1# - TITLE STATEMENT
Title TEXTBOOK OF ALGEBRA AND TRIGONOMETRY
250 ## - EDITION STATEMENT
Edition statement 26TH
260 ## - PUBLICATION, DISTRIBUTION, ETC.
Place of publication, distribution, etc. NEW DELHI
Name of publisher, distributor, etc. KRISHNA
Date of publication, distribution, etc. 2017
300 ## - PHYSICAL DESCRIPTION
Extent 305:
Dimensions 21+
Accompanying material PB.
653 ## - INDEX TERM--UNCONTROLLED
Uncontrolled term Algebra
700 ## - ADDED ENTRY--PERSONAL NAME
Personal name SRIVASTAVA, R. J. & OTHERS,
Relator term AUTHOR.
942 ## - ADDED ENTRY ELEMENTS (KOHA)
Koha item type Books
Source of classification or shelving scheme Dewey Decimal Classification
Holdings
Withdrawn status Lost status Source of classification or shelving scheme Damaged status Not for loan Collection code Home library Current library Shelving location Date acquired Barcode Date last seen Price effective from Koha item type Public note
    Dewey Decimal Classification     REFMAT Central Library and Information Centre Sibsagar Girls College Central Library and Information Centre Sibsagar Girls College MATHEMATICS BOOK RACK 28.08.2017 40380 04.05.2023 04.05.2023 Books V
    Dewey Decimal Classification     REFMAT Central Library and Information Centre Sibsagar Girls College Central Library and Information Centre Sibsagar Girls College MATHEMATICS BOOK RACK 28.08.2017 40381 04.05.2023 04.05.2023 Books V
    Dewey Decimal Classification     TBMAT Central Library and Information Centre Sibsagar Girls College Central Library and Information Centre Sibsagar Girls College MATHEMATICS BOOK RACK 28.08.2017 40382 04.05.2023 04.05.2023 Books V


Sibsagar Girl's College © 2020. All rights reserved.
Powered by Koha.
Maintained by Abhijit Borpuzari.